| 000 | 00778nam a2200253Ia 4500 | ||
|---|---|---|---|
| 003 | OSt | ||
| 005 | 20220918165549.0 | ||
| 006 | a|||||r|||| 00| 0 | ||
| 007 | ta | ||
| 008 | 220917b |||||||| |||| 00| 0 eng d | ||
| 020 |
_a8131602605 (hbk) _c695 |
||
| 024 | _a239,716 | ||
| 037 |
_b006, 02/09/2009, Independent Publishers Group _cTextual |
||
| 040 |
_aARTS _cARTS _beng |
||
| 041 |
_2eng _aeng |
||
| 082 | _aY7.49G, P9 | ||
| 100 |
_aMomin A.R. Ed. _924820 |
||
| 245 | 0 | _aDiversity ethnicity and identity in South Asia | |
| 260 |
_aJaipur _bRawat Publications India _c2009 |
||
| 300 |
_ax,302p. _ccm. |
||
| 650 | _aSOCIOLOGY | ||
| 942 |
_hY7.49G, P9 _cTEXL _2CC |
||
| 999 |
_c130390 _d130390 |
||